LIBRARY & INFORMATION CENTRE, KCAET, TAVANUR

ONLINE PUBLIC ACCESS CATALOGUE (OPAC)

Agribusiness : Concepts and Current Challenges (Record no. 15586)

MARC details
000 -LEADER
fixed length control field 00430nam a22001697a 4500
003 - CONTROL NUMBER IDENTIFIER
control field OSt
008 - FIXED-LENGTH DATA ELEMENTS--GENERAL INFORMATION
fixed length control field 190517b ||||| |||| 00| 0 eng d
020 ## - INTERNATIONAL STANDARD BOOK NUMBER
ISBN 9789387590076
082 ## - DEWEY DECIMAL CLASSIFICATION NUMBER
Classification number 630.68 BAR/AG
100 ## - MAIN ENTRY--AUTHOR NAME
Personal name Barik, B P
245 ## - TITLE STATEMENT
Title Agribusiness : Concepts and Current Challenges
250 ## - EDITION STATEMENT
Edition statement 1st ed.
260 ## - PUBLICATION, DISTRIBUTION, ETC. (IMPRINT)
Place of publication Delhi
Name of publisher Jaya Publishing House
Year of publication 2018
300 ## - PHYSICAL DESCRIPTION
Number of Pages 259 p.
700 ## - ADDED ENTRY--PERSONAL NAME
Personal name Nayak, Y D
942 ## - ADDED ENTRY ELEMENTS (KOHA)
Koha item type Books
Holdings
Withdrawn status Lost status Damaged status Collection code Home library Current library Shelving location Date acquired Full call number Accession Number Koha item type
      Non-fiction KAUAET KAUAET General Stacks 17/05/2019 630.68 BAR/AG 25804 Books
free website counter